00659cam a22002177a 4500003000500000005001700005008004100022010001000063011001000073035001000083040000900093100003400102245008500136260004200221300001100263500001100274502008300285650002400368650002300392650002600415CHAP20220329141541.0971013s1988 r 00010 d a70032 a71004 a80558 cCHAP00aCarrillo González, Rogelio.13aEl uso de las cenizas domésticas como mejorador de suelos, en Atenco, México aMontecillo, Méx. :bEl autor,c1988 a143 h. aD19-65 aTesis (Maestro en Ciencias Esp. en Edafología) -- CP. Centro de Edafología14aCenizas como abono.14aSuelos arcillosos.14aSuelosxMejoramiento.